000 00298nam a2200121Ia 4500
008 220613s9999||||xx |||||||||||||| ||und||
100 _aMATHYES
245 0 _aMATHS PLASTIC SURGERY ( TUREK AND HOWER EXTERMITU )
250 _a2ND VOL 6
300 _a1490
650 _aPlastic Surgery
942 _cSURG
999 _c7597
_d7597